| 000 | 00969nas a2200313 i 4500 | ||
|---|---|---|---|
| 001 | 2805 | ||
| 003 | ES-MaACL | ||
| 005 | 20250811063809.0 | ||
| 007 | t| | ||
| 008 | 001212c1993 xxkf| | 0 ||pa d | ||
| 022 | _a1350-1372 | ||
| 080 | _a(410) | ||
| 080 | _a80 | ||
| 080 | _a821.134.2 | ||
| 245 | 0 | 0 | _aDonaire. |
| 260 |
_aLondres : _bEmbajada de España, Consejería de Educación, _c1993- |
||
| 300 |
_a2 v. ; _c30 cm. |
||
| 310 | _aSemestral | ||
| 362 | 0 | _aNº 1 (sept. 1993)- | |
| 650 | 1 | 4 |
_aLingüística. Filología. _914477 |
| 650 | 1 | 7 |
_aLiteratura española _2embne _914539 |
| 655 | 7 |
_2tgfbne _9226866 _aRevistas |
|
| 710 | 1 |
_aEspaña. _bEmbajada (Gran Bretaña) _93801 |
|
| 852 |
_aES-MaACL _jHEM-H-57 _dOlim: HEM-1906 _cHEM _zExpurgado marzo 2025: posterior 1958, sin encuadernar; muy incompleta 27 localizaciones en Rebiun |
||
| 866 | 0 | _o1993-2000. | |
| 942 |
_2udc _cPERIODICA |
||
| 999 |
_c2805 _d2805 |
||